000 00600nam a2200193 a 4500
005 20220603063631.0
008 060609s2003 mx r 000 0 spa d
020 _a8482141597
035 _aUPN01000145322
049 _aI
050 4 _aPZ7
_bM8.6
245 0 4 _aLos músicos de Bremen /
_cil. de Graham Percy.
260 _aBarcelona, Esp. :
_bPeralt Montagut,
_c[2003].
300 _a28 p. :
_bprincipalmente il. col. +
_e1 Disco compacto : son. ; 4 3/4 plg.
440 0 _aCuentos en imágenes
650 4 _aCuentos infantiles
_96744
700 1 _aPercy, Graham,
_eil.
_929835
905 _aInfantil
999 _c117468
_d117468